00713nam a2200253Ia 4500008004100000020001500041050001100056050001400067100001300081245002500094245004100119245001700160260001800177260001400195260000900209300001600218300002000234300001000254650003300264700002100297700001100318999001900329952011100348171120s9999 xx 000 0 und d a9715903800 a372.37 bG293 2007 aGebhardt 4aThe facts of life :  ba handbook for parents and teachers/ cby Gebhardt. aPhilippines : bPaulines, c2007 a157 pages : billustrations ; c17cm. aSex instructionfor children. aDeacon, Stephen. aTitle. c345334d345334 001040aSSISMbSSISMd2017-11-20l0oFIL 372.37 G293 2007pSSISM4378r2017-11-20 00:00:00w2017-11-20yBK